| 000 | 00493nam a2200181Ia 4500 | ||
|---|---|---|---|
| 001 | 7744 | ||
| 005 | 20260306160518.0 | ||
| 008 | 260306t2011||||xx |||||||||||||| ||spa|| | ||
| 041 | _aESP | ||
| 082 |
_a361 _bCH533 |
||
| 100 |
_aChávez Contreras, Germán _eAUT |
||
| 245 | 0 | _aCriterios para la asignación del gasto social en programas de salud y nutrición en el Perú | |
| 260 | _c2011 | ||
| 300 |
_a62 páginas : _c23 cm. |
||
| 650 | _aGEN | ||
| 654 | _aCAN | ||
| 942 |
_cLIB _dJUS _fJUS _2ddc _n |
||
| 999 |
_c7744 _d7744 |
||